00868nam a22002171i 4500001000700000003000900007005001700016008004100033080001400074100002600088245013000114260007000244300004400314650002500358700003600383700003000419700003800449852002200487999001900509952012200528182965ES-MaACL20230906221744.0140107s1963 sp |||| | spa d a679.5(02)1 aPabst, Franz.915407610aManual de plásticos / ciniciado por el Dr. F. Pabst ; [versión por el Dr. Juan-Bautista Vericad] ; Saechtlin, Zebrowski. aBarcelona : bReverté : b[Casa Provincial de Caridad], c1963. a434 p., 7 tab. pleg. : bil. ; c22 cm. 4aPlásticos.91445511 aVericad, Juan Bautista.91141301 aZebrowski, Willi.91540771 aSaechtling, Hansjürgen.9154078 aES-MaACLjC-24988 c182965d182965 00104070aATENEOMbATENEOMcDEPO2d2014-01-07eSCl0oC-24988p1192300r2023-02-23 00:00:00w2023-02-23yMONOGRAFIA